Statistiken für Städte Belgien

Klicken Sie hier um das Quiz zu spielen!

Allgemein

  • Dieses Quiz wurde 278 mal gespielt
  • Das Durchschnittsergebnis liegt bei 15 aus 50

Antwortstatistiken

EinwohnerStadt% Korrekt
1.208.542Brüssel
100%
520.504Antwerpen
94%
259.083Gent
85%
197.885Lüttich
81%
118.187Brügge
80%
65.986Genk
67%
201.256Charleroi
64%
70.994Ostende
55%
110.628Namur
49%
100.291Löwen
48%
85.665Mechelen
42%
95.220Mons
38%
75.736Kortrijk
37%
77.124Hasselt
34%
55.194Verviers
31%
35.244Lier
29%
84.859Aalst
27%
76.028Sint-Niklaas
26%
47.946Beveren
25%
80.719La Louviere
25%
40.169Sint-Truiden
25%
37.871Waregem
25%
61.657Roeselare
24%
69.493Tournai
24%
64.157Seraing
23%
36.151Mol
22%
43.467Turnhout
21%
45.583Dendermonde
19%
41.057Lokeren
19%
37.813Maasmechelen
19%
57.773Mouscron
19%
34.169Wavre
19%
42.416Heist-op-den-Berg
16%
38.680Halle
15%
39.744Herstal
15%
33.996Lommel
15%
35.014Ypern
15%
39.560Geel
14%
34.365Tienen
14%
45.704Beringen
11%
43.653Vilvoorde
11%
42.024Dilbeek
8%
37.030Grimbergen
8%
33.758Sint-Pieters-Leeuw
8%
36.350Chatelet
6%
39.759Braine-l'Alleud
4%
34.999Evergem
4%
38.446Ninove
4%
34.273Schoten
3%
37.792Brasschaat
2%

Verteilung der Resultate

Perzentil nach korrekt beantworteten Fragen

Anzahl Personen mit jedem Resultat

Ihre Resultats-Entwicklung

Sie haben dieses Quiz noch nicht gespielt